Knowledge-based economies : models and methods (Record no. 227099)

MARC details
000 -LEADER
fixed length control field 00857nam a2200229Ia 4500
008 - FIXED-LENGTH DATA ELEMENTS--GENERAL INFORMATION
fixed length control field 191130s2009##################000#0#eng##
020 ## - INTERNATIONAL STANDARD BOOK NUMBER
ISBN 9783631579817
082 ## - DEWEY DECIMAL CLASSIFICATION NUMBER
Classification number 306.42 MEL
245 ## - TITLE STATEMENT
Title Knowledge-based economies : models and methods
Statement of responsibility, etc Władysław Welfe (ed.)
260 ## - PUBLICATION, DISTRIBUTION, ETC. (IMPRINT)
Place of publication Bern ; New York
Name of publisher Peter Lang
Year of publication c2009
300 ## - PHYSICAL DESCRIPTION
Number of Pages 216 p. : ill. ; 21 cm
500 ## - GENERAL NOTE
General note Translation of: Gospodarka oparta na wiedzy. Origianally published Lodz, Poland : Polskie Wydawnictwo Eckonomiczne, 2007. Includes bibliographical references and indexes
650 ## - SUBJECT ADDED ENTRY--TOPICAL TERM
Topical Term Economic development
Topical Term Intellectual capital - Economic aspects
Topical Term Macroeconomics - Econometric models
700 ## - ADDED ENTRY--PERSONAL NAME
Personal name Welfe, Władysław
991 ## -
-- 199656
Holdings
Withdrawn status Lost status Damaged status Not for loan Home library Current library Shelving location Date acquired Full call number Accession Number Price effective from Koha item type
        Anna Centenary Library Anna Centenary Library 3RD FLOOR, B WING 13.10.2020 306.42 MEL 215647 13.10.2020 English Books

Find us on the map